[Event "Baltic Sea Cup 2008"]
[Site "Ronne"]
[Date "2008.07.30"]
[Round "3"]
[White "Von Wantoch, Markus"]
[Black "Poulsen, Iver"]
[Result "0-1"]
[WhiteElo "1907"]
[BlackElo "2147"]
[PlyCount "50"]
[EventDate "2008.07.29"]


1. e4 c5 2. Nc3 Nc6 3. g3 g6 4. Bg2 Bg7 5. d3 d6 6. f4 e6 7. Nf3 Nge7 8. O-O
O-O 9. Be3 b5 10. d4 d5 11. exd5 Nf5 12. Bf2 Ncxd4 13. g4 Nxf3+ 14. Bxf3 Nd4
15. Bg2 exd5 16. Nxd5 Bb7 17. c4 Re8 18. Qd3 Bxd5 19. Bxd5 Ne2+ 20. Kh1 Nxf4
21. Bxf7+ Kxf7 22. Qf3 g5 23. Rad1 Qc7 24. Rd5 Be5 25. Qe4 Kg8 0-1

[Event "Baltic Sea Cup 2008"]
[Site "Ronne"]
[Date "2008.07.30"]
[Round "3"]
[White "Zachariassen, John"]
[Black "Hansen, Thomas"]
[Result "1-0"]
[WhiteElo "1949"]
[BlackElo "1364"]
[PlyCount "24"]
[EventDate "2008.07.29"]


1. c4 c6 2. g3 Nf6 3. Bg2 d5 4. cxd5 cxd5 5. Nf3 Bf5 6. O-O Nc6 7. d3 e6 8. Qa4
Qb6 9. Nbd2 Bd6 10. e4 Bg6 11. e5 Ng4 12. exd6 Bxd3 1-0

[Event "Baltic Sea Cup 2008"]
[Site "Ronne"]
[Date "2008.07.31"]
[Round "4"]
[White "Andersen, Dag"]
[Black "Andersen, Rune"]
[Result "0-1"]
[WhiteElo "1944"]
[BlackElo "2143"]
[PlyCount "90"]
[EventDate "2008.07.29"]


1. d4 d5 2. Nf3 Nf6 3. c4 dxc4 4. a4 c5 5. Nc3 Nc6 6. e3 cxd4 7. exd4 e6 8.
Bxc4 Be7 9. O-O O-O 10. h3 Nb4 11. Bf4 b6 12. Qe2 Bb7 13. Rad1 Rc8 14. b3 Nfd5
15. Nxd5 Nxd5 16. Bd2 Bf6 17. Ne5 Bg5 18. f4 Bf6 19. Be1 Bh4 20. f5 Bxe1 21.
Qxe1 Qg5 22. h4 Qe3+ 23. Kh1 exf5 24. Rxf5 Rcd8 25. Rf3 Qh6 26. Qg3 Qd6 27. Qf2
Nf6 28. Re3 Kh8 29. Qe2 Nd5 30. Rf3 f6 31. Ng4 Nf4 32. Qe3 Bxf3 33. Qxf3 Nh5
34. Ne3 Ng3+ 35. Kg1 f5 36. Nd5 Rde8 37. Nf4 Ne4 38. d5 Qc5+ 39. Kf1 Qb4 40.
Kg1 Nd2 41. Qh5 Qc5+ 42. Kh1 Qd6 43. Ne6 Ne4 44. Qf3 Rxe6 45. dxe6 Qxd1+ 0-1

[Event "Baltic Sea Cup 2008"]
[Site "Ronne"]
[Date "2008.07.31"]
[Round "4"]
[White "Andersen, Daniel"]
[Black "Thjomoe, Hans Richard"]
[Result "1/2-1/2"]
[WhiteElo "1969"]
[BlackElo "1735"]
[PlyCount "148"]
[EventDate "2008.07.29"]


1. c4 Nf6 2. Nc3 g6 3. e4 d6 4. d4 Bg7 5. f3 O-O 6. Be3 Na6 7. Bd3 c5 8. Nge2
Nd7 9. Qd2 cxd4 10. Nxd4 Nac5 11. Be2 Ne5 12. O-O Ne6 13. Rac1 Bd7 14. h3 Nc6
15. Nxe6 fxe6 16. Rfd1 Rf7 17. c5 Qf8 18. cxd6 Rd8 19. dxe7 Qxe7 20. Bg5 Qc5+
21. Be3 Qh5 22. Bf1 Rdf8 23. Nb5 Ne5 24. f4 Bc6 25. Nd6 Rd7 26. Qe2 Qxe2 27.
Bxe2 Nf7 28. Nxf7 Rxd1+ 29. Rxd1 Kxf7 30. e5 Bd5 31. b3 Rc8 32. Rc1 Rxc1+ 33.
Bxc1 Bf8 34. Be3 b6 35. Kf2 Be4 36. Bf3 Bb1 37. Bd1 Bxa2 38. Bc2 Bc5 39. Ke2 a5
40. Kd3 Bxe3 41. Kxe3 b5 42. Kd4 a4 43. Kc3 axb3 44. Bxb3 Bb1 45. Kd4 Ke7 46.
Bd1 Ba2 47. Be2 Bd5 48. Bf3 Bc4 49. Kc5 Bf1 50. h4 Kd7 51. Be4 Be2 52. Bc6+ Ke7
53. Bxb5 Bd1 54. Bd3 Bg4 55. Be4 Be2 56. Bf3 Bd3 57. h5 Bc2 58. Kd4 Kf7 59. h6
g5 60. Bh5+ Bg6 61. g4 Bxh5 62. gxh5 gxf4 63. Ke4 Ke7 64. Kxf4 Kd7 65. Kg4 Ke8
66. Kf4 Kd7 67. Kg5 Ke7 68. Kg4 Ke8 69. Kf3 Ke7 70. Ke4 Kd7 71. Kd4 Kc6 72. Kc4
Kb6 73. Kb4 Kc6 74. Kc4 Kb6 1/2-1/2

[Event "Baltic Sea Cup 2008"]
[Site "Ronne"]
[Date "2008.07.31"]
[Round "4"]
[White "Andersen, Harry"]
[Black "Johansen, Johnny Holler"]
[Result "0-1"]
[WhiteElo "1904"]
[BlackElo "2029"]
[PlyCount "46"]
[EventDate "2008.07.29"]


1. e4 e6 2. d4 d5 3. exd5 exd5 4. Nf3 Nf6 5. Bd3 Bd6 6. O-O O-O 7. Re1 Bg4 8.
Nbd2 Nbd7 9. Nf1 c5 10. Ne3 Be6 11. Nf5 Bc7 12. c3 Ne4 13. Ng3 f5 14. Bxe4 fxe4
15. Ng5 Bf5 16. Nxf5 Rxf5 17. Ne6 Bxh2+ 18. Kxh2 Qh4+ 19. Kg1 Qxf2+ 20. Kh2 Nf6
21. Re3 Qh4+ 22. Rh3 Ng4+ 23. Kg1 Qf2+ 0-1

[Event "Baltic Sea Cup 2008"]
[Site "Ronne"]
[Date "2008.07.31"]
[Round "4"]
[White "Andersen, Jonas Odgaard"]
[Black "Koop, Soeren"]
[Result "0-1"]
[WhiteElo "1000"]
[BlackElo "1897"]
[PlyCount "82"]
[EventDate "2008.07.29"]


1. e4 e5 2. Nf3 Nc6 3. d4 exd4 4. Nxd4 Bc5 5. Be3 Qf6 6. f3 Nxd4 7. c3 Nxf3+ 8.
Qxf3 Qxf3 9. gxf3 Bxe3 10. Na3 d6 11. Nc4 Bf4 12. Rg1 g6 13. Na3 a6 14. Nc2
Bxh2 15. Rg2 Bf4 16. Nb4 Ne7 17. Rd1 Bh3 18. Re2 Bxf1 19. Kxf1 O-O-O 20. Rg2 f5
21. Re1 Rde8 22. Nd3 Bh6 23. f4 fxe4 24. Rxe4 Nf5 25. Rxe8+ Rxe8 26. Rh2 Re3
27. Ne1 Bxf4 28. Rxh7 Ng3+ 29. Kf2 Ne4+ 30. Kf1 g5 31. Ng2 Rf3+ 32. Ke2 Rf2+
33. Kd3 Nc5+ 34. Kd4 Rxg2 35. Rh8+ Kd7 36. Rh7+ Kc6 37. Rh6 Rd2+ 38. Kc4 b5+
39. Kb4 Rxb2+ 40. Ka3 Rb1 41. Rf6 Bc1# 0-1

[Event "Baltic Sea Cup 2008"]
[Site "Ronne"]
[Date "2008.07.31"]
[Round "4"]
[White "Caceres, Cipriano Sande"]
[Black "Hansen, Martin"]
[Result "0-1"]
[WhiteElo "1792"]
[BlackElo "2128"]
[PlyCount "104"]
[EventDate "2008.07.29"]


1. c4 c6 2. Nf3 d5 3. cxd5 cxd5 4. d4 Nf6 5. Nc3 Nc6 6. e3 Bf5 7. a3 e6 8. Qb3
a6 9. Bd2 Nd7 10. Rc1 Qb6 11. Qa2 Be7 12. Be2 O-O 13. Na4 Qa7 14. b4 Rfc8 15.
O-O h6 16. Nc3 b5 17. Ne1 Nb6 18. Nd3 Bxd3 19. Bxd3 Qd7 20. f4 Bf6 21. Ne2 Nc4
22. Rf3 a5 23. bxa5 N6xa5 24. Bb4 Be7 25. Bxe7 Qxe7 26. Rb1 Qxa3 27. Qxa3 Nxa3
28. Rbf1 f5 29. h3 N5c4 30. Rc1 Nb2 31. Rxc8+ Rxc8 32. e4 Nxd3 33. Rxd3 b4 34.
exf5 exf5 35. g4 fxg4 36. hxg4 Rc4 37. Kf2 Nb5 38. Ke3 Nc3 39. Nxc3 Rxc3 40.
Rxc3 bxc3 41. Kd3 g6 42. Kxc3 h5 43. gxh5 gxh5 44. Kd3 Kf7 45. Ke3 Kf6 46. Kf3
Kf5 47. Kg3 Ke4 48. Kh4 Kxf4 49. Kxh5 Ke4 50. Kg4 Kxd4 51. Kf4 Kc3 52. Ke3 d4+
0-1

[Event "Baltic Sea Cup 2008"]
[Site "Ronne"]
[Date "2008.07.31"]
[Round "4"]
[White "Christensen, Klaus"]
[Black "Marzano, Carlo"]
[Result "1/2-1/2"]
[WhiteElo "2034"]
[BlackElo "2177"]
[PlyCount "67"]
[EventDate "2008.07.29"]


1. d4 Nc6 2. Nf3 d5 3. Bf4 Bg4 4. e3 e6 5. h3 Bh5 6. Be2 Bd6 7. Bxd6 cxd6 8.
Nfd2 Bxe2 9. Qxe2 Qb6 10. b3 Rc8 11. c3 Nf6 12. O-O O-O 13. Rc1 Na5 14. Na3 g6
15. b4 Nc6 16. b5 Na5 17. Rab1 Qc7 18. c4 dxc4 19. Ndxc4 Nxc4 20. Nxc4 d5 21.
b6 Qb8 22. Ne5 Qd6 23. Qb2 Nd7 24. Rxc8 Rxc8 25. Nxd7 Qxd7 26. Rc1 Kf8 27. Qb4+
Ke8 28. Rxc8+ Qxc8 29. a4 Kd7 30. a5 Qc1+ 31. Kh2 Qc6 32. g3 Qd6 33. Qa4+ Qc6
34. Qb4 1/2-1/2

[Event "Baltic Sea Cup 2008"]
[Site "Ronne"]
[Date "2008.07.31"]
[Round "4"]
[White "Frisk, Hans"]
[Black "Adolfssen, Rico"]
[Result "1-0"]
[WhiteElo "2011"]
[BlackElo "1933"]
[PlyCount "35"]
[EventDate "2008.07.29"]


1. Nc3 b6 2. e4 Bb7 3. d4 e6 4. Nf3 Nf6 5. Bd3 Bb4 6. Qe2 O-O 7. O-O c5 8. e5
Bxc3 9. bxc3 Nd5 10. Qe4 g6 11. Bg5 Qc7 12. Qh4 f5 13. exf6 cxd4 14. c4 Nb4 15.
Bh6 Bxf3 16. Bxf8 Nxd3 17. Qh6 d5 18. Be7 1-0

[Event "Baltic Sea Cup 2008"]
[Site "Ronne"]
[Date "2008.07.31"]
[Round "4"]
[White "Hansen, Mads"]
[Black "Urkedal, Frode Olav Olsen"]
[Result "0-1"]
[WhiteElo "2041"]
[BlackElo "2299"]
[PlyCount "96"]
[EventDate "2008.07.29"]


1. e4 c5 2. Nf3 d6 3. d4 cxd4 4. Nxd4 Nf6 5. Nc3 a6 6. Bg5 e6 7. f4 Nbd7 8. Qf3
Qc7 9. O-O-O b5 10. Bd3 Bb7 11. Rhe1 O-O-O 12. Qg3 b4 13. Nb1 Nc5 14. Nd2 Be7
15. Kb1 h6 16. Bxf6 Bxf6 17. N4f3 g5 18. e5 dxe5 19. fxe5 Be7 20. Nb3 Nxd3 21.
cxd3 Qb6 22. Nfd2 Bd5 23. Nc4 Qa7 24. Rc1 Kb8 25. Nca5 Rc8 26. d4 Qd7 27. Qd3
Ka7 28. Rf1 Rxc1+ 29. Nxc1 Bd8 30. Nc4 Bxg2 31. Rf2 Bc6 32. Nd6 f5 33. Nb3 Bb6
34. Qc4 Bd5 35. Qxb4 Rb8 36. Nc5 Qc6 37. Rc2 Bxc5 38. Qxc5+ Qxc5 39. Rxc5 f4
40. Nc8+ Kb7 41. Nd6+ Ka7 42. Rc7+ Kb6 43. Rf7 Kc6 44. Kc2 h5 45. h4 f3 46.
hxg5 h4 47. Nc4 Bxc4 48. Rxf3 Bd5 0-1

[Event "Baltic Sea Cup 2008"]
[Site "Ronne"]
[Date "2008.07.31"]
[Round "4"]
[White "Hein, Jacob"]
[Black "Valle, Lorenzo"]
[Result "0-1"]
[WhiteElo "1603"]
[BlackElo "1573"]
[PlyCount "60"]
[EventDate "2008.07.29"]


1. e4 d6 2. d4 Nf6 3. Nd2 g6 4. b3 Bg7 5. Bb2 O-O 6. Bd3 Bg4 7. f3 Bd7 8. h4
Nc6 9. c3 e5 10. Ne2 d5 11. Qc2 Re8 12. O-O-O exd4 13. Nxd4 Ne5 14. Nf5 Nxd3+
15. Qxd3 gxf5 16. exf5 Qe7 17. g4 Qe3 18. Qf1 a6 19. Re1 Qf4 20. h5 Rxe1+ 21.
Qxe1 Re8 22. Qd1 Bh6 23. Kc2 Bc6 24. Bc1 d4 25. Ne4 Bxe4+ 26. fxe4 Qxe4+ 27.
Qd3 Qxh1 28. Bxh6 Qe4 29. Qxe4 Rxe4 30. Kd3 Rxg4 0-1

[Event "Baltic Sea Cup 2008"]
[Site "Ronne"]
[Date "2008.07.31"]
[Round "4"]
[White "Iljushin, Alexei"]
[Black "Christensen, John"]
[Result "1-0"]
[WhiteElo "2546"]
[BlackElo "2116"]
[PlyCount "71"]
[EventDate "2008.07.29"]


1. Nf3 c5 2. g3 b6 3. Bg2 Bb7 4. O-O g6 5. d3 Bg7 6. e4 d6 7. Nc3 Nf6 8. Nh4
Nc6 9. f4 Qd7 10. h3 h6 11. Be3 Nh5 12. g4 Bxc3 13. bxc3 Ng7 14. c4 Rg8 15. Qd2
h5 16. g5 O-O-O 17. f5 Ne5 18. Rae1 Ne8 19. Bf4 Nc6 20. fxg6 fxg6 21. e5 dxe5
22. Bxe5 Nxe5 23. Rxe5 Nd6 24. Bxb7+ Kxb7 25. Qe3 Rde8 26. Re6 Rg7 27. Rxg6
Rxg6 28. Nxg6 e5 29. Rf6 e4 30. Nh4 Ka6 31. Ng2 Re5 32. Qf4 Qe7 33. g6 exd3 34.
cxd3 h4 35. g7 Ne8 36. g8=Q 1-0

[Event "Baltic Sea Cup 2008"]
[Site "Ronne"]
[Date "2008.07.31"]
[Round "4"]
[White "Jannik, Morten Emil"]
[Black "Hansen, Thomas"]
[Result "1-0"]
[WhiteElo "1534"]
[BlackElo "1364"]
[PlyCount "33"]
[EventDate "2008.07.29"]


1. e4 e6 2. d4 d5 3. e5 c5 4. c3 Qb6 5. Nf3 Bd7 6. Bd3 Nc6 7. O-O cxd4 8. cxd4
Nxd4 9. Nxd4 Qxd4 10. Nc3 Qxe5 11. Re1 Qd6 12. Nb5 Bxb5 13. Bxb5+ Kd8 14. Qh5
g6 15. Qf3 f6 16. Bf4 Qb6 17. Qxd5+ 1-0

[Event "Baltic Sea Cup 2008"]
[Site "Ronne"]
[Date "2008.07.31"]
[Round "4"]
[White "Khenkin, Igor"]
[Black "Brinck Claussen, Bjorn"]
[Result "1-0"]
[WhiteElo "2655"]
[BlackElo "2296"]
[PlyCount "77"]
[EventDate "2008.07.29"]


1. d4 d5 2. c4 c6 3. Nf3 Nf6 4. Qb3 dxc4 5. Qxc4 Bf5 6. g3 e6 7. Bg2 Nbd7 8.
O-O Be7 9. Nc3 O-O 10. Re1 Ne4 11. Qb3 Qb6 12. Nh4 Bxh4 13. gxh4 Nef6 14. Qxb6
axb6 15. Bf4 Rfe8 16. e4 Bg4 17. f3 Bh5 18. a4 Bg6 19. Bd6 e5 20. Rad1 exd4 21.
Rxd4 Nc5 22. Red1 Ne6 23. Rb4 Nd7 24. Bh3 f6 25. Bg3 c5 26. Rb5 Ne5 27. Bxe5
fxe5 28. Rd7 Nd4 29. Rxb6 Nxf3+ 30. Kg2 Rf8 31. Rbxb7 Ne1+ 32. Kg1 Nf3+ 33. Kg2
Ne1+ 34. Kg1 Nf3+ 35. Kf2 Ng5+ 36. Ke1 Nf3+ 37. Kd1 Rfd8 38. Be6+ Kf8 39. Bd5
1-0

[Event "Baltic Sea Cup 2008"]
[Site "Ronne"]
[Date "2008.07.31"]
[Round "4"]
[White "Kogan, Artur"]
[Black "Evdokimov, Alexander A"]
[Result "1/2-1/2"]
[WhiteElo "2569"]
[BlackElo "2555"]
[PlyCount "136"]
[EventDate "2008.07.29"]


1. e4 c5 2. Nc3 Nc6 3. Nf3 g6 4. Bc4 Bg7 5. O-O a6 6. a3 d6 7. d3 Nf6 8. h3 O-O
9. Be3 b5 10. Ba2 e5 11. Nd5 Be6 12. Bg5 Rc8 13. Nd2 Bxd5 14. exd5 Ne7 15. f4
exf4 16. Rxf4 Nh5 17. Re4 Nf6 18. Re1 h6 19. Bh4 Qd7 20. c3 g5 21. Bg3 Nexd5
22. Ne4 Nxe4 23. dxe4 Nf4 24. Bxf4 gxf4 25. e5 c4 26. exd6 Rc6 27. Qf3 Rxd6 28.
Rad1 Rd8 29. Rxd6 Qxd6 30. Bb1 Qd2 31. Qf2 Bf8 32. Kf1 Qxf2+ 33. Kxf2 Bc5+ 34.
Kf3 Be3 35. Be4 Rd6 36. a4 Rd2 37. axb5 Rf2+ 38. Kg4 axb5 39. Rb1 Kg7 40. Kf5
Rd2 41. b3 b4 42. bxc4 bxc3 43. Rb3 Bd4 44. Rb1 f3 45. gxf3 Rh2 46. Rc1 Rxh3
47. Bd5 Rh4 48. f4 Kf8 49. Ke4 Bf6 50. Kf5 Rxf4+ 51. Kxf4 Bg5+ 52. Ke4 Bxc1 53.
Kd3 Bd2 54. c5 Ke7 55. c6 f6 56. Bf3 Kd6 57. Kc2 h5 58. Kd3 Be1 59. Kc2 h4 60.
Kd3 f5 61. Kc2 Ke7 62. Kd3 Bd2 63. Bg2 Kd6 64. Kc2 Be1 65. Kd3 f4 66. Kc2 h3
67. Bf3 Bd2 68. Kd3 Be1 1/2-1/2

[Event "Baltic Sea Cup 2008"]
[Site "Ronne"]
[Date "2008.07.31"]
[Round "4"]
[White "Koop, Th Boerge"]
[Black "Berg, Peter"]
[Result "0-1"]
[WhiteElo "1568"]
[BlackElo "1998"]
[PlyCount "86"]
[EventDate "2008.07.29"]


1. e4 c6 2. d4 d5 3. e5 Bf5 4. Nc3 e6 5. g4 Bg6 6. h4 h5 7. g5 Nd7 8. Bd3 Bxd3
9. Qxd3 g6 10. Nge2 Ne7 11. Ng3 c5 12. f4 cxd4 13. Nb5 Nc6 14. Nxd4 Nc5 15. Qe3
Qa5+ 16. Bd2 Qa4 17. c3 Qa6 18. b4 Nd3+ 19. Kd1 Nxd4 20. Qxd4 Nb2+ 21. Ke1 Nc4
22. a4 b5 23. a5 Qc6 24. Bc1 a6 25. Ne2 Be7 26. Kf1 Bd8 27. Rh3 Bc7 28. Kg2 Bb8
29. Qd1 d4+ 30. Kh2 dxc3 31. Nxc3 O-O 32. Rd3 Bc7 33. Qf3 Qxf3 34. Rxf3 Rfd8
35. Ne4 Nxe5 36. Rc3 Nc4 37. Nc5 Rd1 38. Kg3 e5 39. Ra2 exf4+ 40. Bxf4 Bxf4+
41. Kxf4 Rd4+ 42. Kg3 Rg4+ 43. Kh3 Nd6 0-1

[Event "Baltic Sea Cup 2008"]
[Site "Ronne"]
[Date "2008.07.31"]
[Round "4"]
[White "Kraft, Rene"]
[Black "Schmidt, Horst Hubert"]
[Result "0-1"]
[WhiteElo "1663"]
[BlackElo "1925"]
[PlyCount "58"]
[EventDate "2008.07.29"]


1. c4 e5 2. Nc3 Nc6 3. b3 d6 4. Bb2 Be6 5. e4 g6 6. Nf3 Bg7 7. Be2 Nh6 8. Nd5
O-O 9. O-O f5 10. d3 g5 11. Ba3 g4 12. Ne1 f4 13. f3 Nd4 14. Nc2 Nxe2+ 15. Qxe2
gxf3 16. gxf3 Bh3 17. Rf2 Bf6 18. Kh1 Bh4 19. Rg1+ Kh8 20. Rfg2 Bxg2+ 21. Rxg2
Rg8 22. Nxf4 exf4 23. Nd4 Rxg2 24. Qxg2 Qf6 25. Bb2 Rg8 26. Qd2 Qg6 27. Nf5+
Bf6 28. Qf2 Nxf5 29. exf5 Qxf5 0-1

[Event "Baltic Sea Cup 2008"]
[Site "Ronne"]
[Date "2008.07.31"]
[Round "4"]
[White "Kristensen, Kaare Hove"]
[Black "Rostgaard, Tobias Valentin"]
[Result "1-0"]
[WhiteElo "2259"]
[BlackElo "2035"]
[PlyCount "55"]
[EventDate "2008.07.29"]


1. e4 c5 2. Nf3 g6 3. d4 cxd4 4. Nxd4 Nc6 5. c4 Nf6 6. Nc3 d6 7. Be2 Bg7 8. Nc2
Be6 9. Ne3 O-O 10. O-O Nd7 11. Ned5 Nc5 12. Be3 Rc8 13. Rb1 f5 14. exf5 Bxf5
15. Rc1 Ne5 16. Bg5 Re8 17. f4 Ned3 18. Bxd3 Nxd3 19. Rc2 Qd7 20. g4 Nxf4 21.
Rxf4 Bxc2 22. Qxc2 h6 23. Bxh6 Kh7 24. Bxg7 Kxg7 25. Qe4 Rf8 26. Nxe7 Rxf4 27.
Qxg6+ Kf8 28. Qg8+ 1-0

[Event "Baltic Sea Cup 2008"]
[Site "Ronne"]
[Date "2008.07.31"]
[Round "4"]
[White "Kristensen, Torben"]
[Black "Von Wantoch, Markus"]
[Result "0-1"]
[WhiteElo "1262"]
[BlackElo "1907"]
[PlyCount "64"]
[EventDate "2008.07.29"]


1. d4 Nf6 2. Nf3 e6 3. Bf4 b6 4. e3 Bb7 5. Nbd2 Be7 6. Bd3 d6 7. O-O Nh5 8. c3
Nd7 9. Qc2 f5 10. h3 Ndf6 11. Bh2 Qd7 12. e4 g6 13. Rae1 O-O-O 14. exf5 gxf5
15. Ng5 Rhg8 16. Nxe6 Rxg2+ 17. Kh1 Rxf2+ 18. Be4 Nxe4 19. Rxf2 Nxf2+ 20. Kg1
Nxh3+ 21. Kf1 Qc6 22. Ke2 Qg2+ 23. Kd1 Nf2+ 24. Kc1 Ne4 25. Nxe4 Qxc2+ 26. Kxc2
Bxe4+ 27. Kc1 Rg8 28. b3 Rg2 29. Bg1 Rxa2 30. c4 d5 31. Be3 Ba3+ 32. Kd1 Bf3+
0-1

[Event "Baltic Sea Cup 2008"]
[Site "Ronne"]
[Date "2008.07.31"]
[Round "4"]
[White "Kristiansen, Orla"]
[Black "Christensen, Svend Ib"]
[Result "1-0"]
[WhiteElo "1940"]
[BlackElo "1531"]
[PlyCount "71"]
[EventDate "2008.07.29"]


1. c4 d6 2. Nc3 Nf6 3. g3 c6 4. Bg2 Na6 5. d4 e6 6. e4 Nc7 7. Nf3 Be7 8. O-O
Rb8 9. h3 O-O 10. Qe2 Nfe8 11. Re1 b5 12. cxb5 cxb5 13. a3 a6 14. Bf4 Bb7 15.
Rac1 Na8 16. d5 e5 17. Be3 Nb6 18. Nd2 Bc8 19. Na2 Bd7 20. Nb4 Nc7 21. Nc6 Bxc6
22. Rxc6 Nba8 23. Rec1 Qd7 24. Nb3 Bd8 25. h4 h6 26. Kh2 f6 27. Qd2 Be7 28. Qc3
b4 29. axb4 Nb5 30. Qc4 Na7 31. Rxa6 Rbc8 32. Rxa7 Qd8 33. Qa6 Rxc1 34. Nxc1
Nb6 35. Rxe7 Qxe7 36. Bxb6 1-0

[Event "Baltic Sea Cup 2008"]
[Site "Ronne"]
[Date "2008.07.31"]
[Round "4"]
[White "Kuzubov, Yuriy"]
[Black "Gyimesi, Zoltan"]
[Result "1/2-1/2"]
[WhiteElo "2578"]
[BlackElo "2586"]
[PlyCount "99"]
[EventDate "2008.07.29"]


1. d4 Nf6 2. c4 e6 3. Nc3 Bb4 4. Nf3 c5 5. g3 cxd4 6. Nxd4 Ne4 7. Qd3 Bxc3+ 8.
bxc3 Nc5 9. Qf3 d6 10. Bg2 e5 11. Nb3 Nba6 12. Ba3 Qc7 13. Rd1 Be6 14. Nxc5
Nxc5 15. Bxc5 Qxc5 16. Qxb7 Rc8 17. Bd5 Bxd5 18. Qxd5 Qxd5 19. Rxd5 Rxc4 20.
Rxd6 Rxc3 21. O-O Ke7 22. Ra6 Rc7 23. Rb1 Rd8 24. Rb5 f6 25. Rba5 Rdd7 26. g4
Kf7 27. Kg2 Re7 28. h4 Kg6 29. Kf3 h5 30. g5 Rc4 31. e4 Rc3+ 32. Kg2 Rc4 33. f3
Rcc7 34. Kg3 Rb7 35. a4 Kf7 36. Kh3 Rec7 37. Kg3 Rd7 38. g6+ Kxg6 39. Rxe5 Rb3
40. a5 Re3 41. Rg5+ Kh6 42. Rf5 Kg6 43. Kf2 Ra3 44. Rg5+ Kh6 45. Rd5 Rxd5 46.
exd5 Rd3 47. d6 Kg6 48. Ke2 Rd5 49. Ke3 Kf5 50. Rxa7 1/2-1/2

[Event "Baltic Sea Cup 2008"]
[Site "Ronne"]
[Date "2008.07.31"]
[Round "4"]
[White "Larsen, Bjorn H"]
[Black "Hansen, Soren Otto"]
[Result "1-0"]
[WhiteElo "1940"]
[BlackElo "1682"]
[PlyCount "69"]
[EventDate "2008.07.29"]


1. d4 Nf6 2. Nc3 d5 3. e4 dxe4 4. f3 exf3 5. Nxf3 Bg4 6. h3 Bxf3 7. Qxf3 c6 8.
Qf2 e6 9. Bd2 Be7 10. O-O-O O-O 11. Bd3 Nbd7 12. g4 b5 13. Qh4 Ne4 14. g5 Nxg5
15. Rdg1 h6 16. Qg3 Qb8 17. Bf4 e5 18. dxe5 Ne6 19. h4 Bf6 20. exf6 Qxf4+ 21.
Qxf4 Nxf4 22. Rxg7+ Kh8 23. Rh7+ Kg8 24. Rg1+ Ng6 25. Bxg6 fxg6 26. Rxd7 Rxf6
27. h5 g5 28. Ne4 Rf4 29. Nxg5 hxg5 30. Rxg5+ Kh8 31. Rgg7 Rh4 32. Rh7+ Kg8 33.
h6 Rg4 34. Rhf7 Rd8 35. h7+ 1-0

[Event "Baltic Sea Cup 2008"]
[Site "Ronne"]
[Date "2008.07.31"]
[Round "4"]
[White "Madsen, Jens Finnerup"]
[Black "Knof, Henrike"]
[Result "1-0"]
[WhiteElo "1162"]
[BlackElo "1477"]
[PlyCount "103"]
[EventDate "2008.07.29"]


1. e4 e5 2. Nf3 Nc6 3. Bc4 Bc5 4. Nxe5 Nxe5 5. d4 Nxc4 6. dxc5 Ne7 7. b3 Ne5 8.
Bb2 f6 9. O-O O-O 10. Bd4 d6 11. Nc3 dxc5 12. Bxc5 Qxd1 13. Raxd1 Re8 14. Nb5
Be6 15. Nxc7 N7c6 16. Nxa8 Rxa8 17. Rd2 b6 18. Be3 h5 19. f4 Ng4 20. Bf2 Rc8
21. Bg3 a5 22. h3 Nh6 23. f5 Bf7 24. a3 b5 25. Bf2 Kh7 26. Bc5 Ng8 27. b4 axb4
28. axb4 Ne5 29. Rfd1 g6 30. fxg6+ Bxg6 31. Rd8 Rxd8 32. Rxd8 Bxe4 33. c3 f5
34. Bd4 Nc4 35. Rd7+ Kh6 36. Kf2 Bc6 37. Rg7 Bd5 38. Rd7 Be4 39. Rc7 Nb2 40. g3
h4 41. gxh4 Nd3+ 42. Ke3 Ne1 43. Kf4 Ng2+ 44. Kg3 f4+ 45. Kg4 f3 46. Rc5 Nf6+
47. Kg3 Nh5+ 48. Kf2 Nxh4 49. Be3+ Kg6 50. Rg5+ Kh6 51. Rg4+ Kh7 52. Rxe4 1-0

[Event "Baltic Sea Cup 2008"]
[Site "Ronne"]
[Date "2008.07.31"]
[Round "4"]
[White "Medvegy, Nora"]
[Black "Lilleoren, Morten"]
[Result "1-0"]
[WhiteElo "2353"]
[BlackElo "2105"]
[PlyCount "69"]
[EventDate "2008.07.29"]


1. d4 Nf6 2. c4 c5 3. d5 b5 4. cxb5 a6 5. bxa6 g6 6. Nc3 Bxa6 7. e4 Bxf1 8.
Kxf1 d6 9. g3 Bg7 10. Kg2 O-O 11. Nf3 Nbd7 12. Re1 Qa5 13. e5 Ng4 14. exd6 exd6
15. Bf4 Rfb8 16. Re2 Qa6 17. Rc1 Nge5 18. Nxe5 Nxe5 19. Bxe5 Bxe5 20. b3 c4 21.
bxc4 Qxc4 22. Ne4 Qb4 23. Rc7 f5 24. Ng5 Qg4 25. Nf3 Ra3 26. Rec2 Rb2 27. Rc8+
Kg7 28. R8c7+ Kg8 29. R7c4 f4 30. Rxb2 Bxb2 31. Rxf4 Qc8 32. Qe2 Rxa2 33. Qe7
Ra8 34. Ng5 Bg7 35. Rf7 1-0

[Event "Baltic Sea Cup 2008"]
[Site "Ronne"]
[Date "2008.07.31"]
[Round "4"]
[White "Mejlvang, Jens Peter"]
[Black "Jensen, Byrial"]
[Result "1-0"]
[WhiteElo "1845"]
[BlackElo "1656"]
[PlyCount "41"]
[EventDate "2008.07.29"]


1. e4 e5 2. Nf3 Nc6 3. d4 exd4 4. Bc4 Nf6 5. Ng5 d5 6. exd5 Na5 7. Qxd4 Nxc4 8.
Qxc4 Qxd5 9. Qe2+ Be7 10. O-O Bf5 11. Re1 Qd7 12. Nc3 h6 13. Rd1 Qc6 14. Nf3
Bg4 15. Re1 Qd7 16. Bf4 c6 17. Rad1 Qe6 18. Qd3 Rd8 19. Rxe6 Rxd3 20. Rxe7+
Kxe7 21. Rxd3 1-0

[Event "Baltic Sea Cup 2008"]
[Site "Ronne"]
[Date "2008.07.31"]
[Round "4"]
[White "Nielsen, Nicholas Roland"]
[Black "Magnussen, Helge"]
[Result "1-0"]
[WhiteElo "2198"]
[BlackElo "2012"]
[PlyCount "71"]
[EventDate "2008.07.29"]


1. e4 e6 2. d4 d5 3. Nc3 Bb4 4. e5 c5 5. a3 Bxc3+ 6. bxc3 Ne7 7. Qg4 O-O 8. Bd3
Nbc6 9. Nf3 Qc7 10. Bxh7+ Kxh7 11. Qh5+ Kg8 12. Ng5 Rd8 13. Qxf7+ Kh8 14. Qh5+
Kg8 15. Qf7+ Kh8 16. f4 Qd7 17. Qh5+ Kg8 18. Qh7+ Kf8 19. Qh8+ Ng8 20. f5 exf5
21. e6 Qe8 22. Nh7+ Ke7 23. Qxg7+ Kxe6 24. O-O Nce7 25. Re1+ Kd6 26. Bg5 Kc6
27. Rxe7 Nxe7 28. Bxe7 Rd7 29. Qf6+ Kb5 30. a4+ Ka5 31. Re1 b6 32. dxc5 Ka6 33.
a5 Rb8 34. axb6 axb6 35. Ra1+ Kb7 36. Qxb6# 1-0

[Event "Baltic Sea Cup 2008"]
[Site "Ronne"]
[Date "2008.07.31"]
[Round "4"]
[White "Poulsen, Iver"]
[Black "Hansen, Lars Bo"]
[Result "0-1"]
[WhiteElo "2147"]
[BlackElo "2569"]
[PlyCount "72"]
[EventDate "2008.07.29"]


1. e4 e5 2. Nf3 Nc6 3. Bb5 a6 4. Ba4 Nf6 5. O-O Be7 6. Re1 b5 7. Bb3 d6 8. c3
O-O 9. h3 a5 10. a3 a4 11. Bc2 Bd7 12. d4 Re8 13. Nbd2 Bf8 14. Nf1 h6 15. Ng3
Na5 16. Nf5 Bxf5 17. exf5 e4 18. Nd2 d5 19. f3 Rb8 20. fxe4 dxe4 21. Bxe4 c5
22. Bc2 cxd4 23. Rxe8 Qxe8 24. cxd4 Qe3+ 25. Kh1 Qxd4 26. Nf3 Qf2 27. Bf4 Rc8
28. Rc1 Nc4 29. Qd4 Qxd4 30. Nxd4 Nd5 31. Bg3 Nce3 32. Be1 Rc4 33. Bc3 Nxc3 34.
bxc3 Rxc3 35. Rb1 Nxc2 36. Rc1 Bxa3 0-1

[Event "Baltic Sea Cup 2008"]
[Site "Ronne"]
[Date "2008.07.31"]
[Round "4"]
[White "Roiz, Michael"]
[Black "Golod, Vitali"]
[Result "1-0"]
[WhiteElo "2680"]
[BlackElo "2578"]
[PlyCount "83"]
[EventDate "2008.07.29"]


1. d4 d5 2. Nf3 Nf6 3. c4 dxc4 4. Qa4+ c6 5. Qxc4 Bg4 6. Nc3 Nbd7 7. e4 Bxf3 8.
gxf3 e5 9. dxe5 Nxe5 10. Qe2 Bb4 11. Bd2 b5 12. O-O-O Qe7 13. f4 Nc4 14. e5 Nd5
15. Nxd5 cxd5 16. Be3 d4 17. Rxd4 O-O 18. Bh3 Rad8 19. Rhd1 Rxd4 20. Bxd4 Bc5
21. Bxc5 Qxc5 22. Kb1 a5 23. e6 fxe6 24. Bxe6+ Kh8 25. f5 a4 26. a3 h6 27. Rd5
Qb6 28. Ka2 Nd6 29. Qe5 Nc4 30. Rxb5 Nxe5 31. Rxb6 Nd3 32. f3 Rd8 33. h4 h5 34.
Bf7 Ne5 35. Bxh5 Kh7 36. Bg6+ Kh6 37. Be8+ Kh7 38. Bxa4 Rd2 39. Bb5 Nxf3 40. a4
Nxh4 41. a5 Nxf5 42. a6 1-0

[Event "Baltic Sea Cup 2008"]
[Site "Ronne"]
[Date "2008.07.31"]
[Round "4"]
[White "Rothwell, Jonathan"]
[Black "Zachariassen, John"]
[Result "1/2-1/2"]
[WhiteElo "1700"]
[BlackElo "1949"]
[PlyCount "70"]
[EventDate "2008.07.29"]


1. c4 Nf6 2. Nc3 e5 3. d3 Be7 4. e4 d6 5. h3 Nbd7 6. g3 c6 7. Bg2 Nc5 8. b4 Ne6
9. Nge2 g5 10. O-O Rg8 11. Rb1 h5 12. b5 h4 13. g4 Nf4 14. Nxf4 gxf4 15. f3 Nh7
16. bxc6 bxc6 17. d4 Ba6 18. Qa4 Qc8 19. d5 Bb7 20. Rxb7 Qxb7 21. dxc6 Qb6+ 22.
Kh2 Nf6 23. Nd5 Nxd5 24. cxd5 Kf8 25. Qc2 Kg7 26. Bb2 Rab8 27. Rb1 f6 28. Bf1
Rgc8 29. Bd3 Qa5 30. Qc3 Qxa2 31. Qa3 Rxb2+ 32. Qxb2 Qa5 33. Qb7 Rc7 34. Qb2
Bd8 35. Bb5 Re7 1/2-1/2